000 00663nam a2200181Ia 4500
008 100920s9999 xx 000 0 und d
082 _b105473
_a--- न 09
100 _aआर्चर जेफ्री अनु .लवाटे सुधाकर.
245 _aफाल्स इंप्रेशन.
260 _bमेहतापब्लिशिंग हाऊस. पुणे.
_c2009
300 _a371
_bसाधी
365 _b280
520 _aकादंबरी.
630 _aफाल्स इंप्रेशन.
650 _aकादंबरी.
730 _aफाल्स इंप्रेशन.
942 _cBOOK
999 _c745904
_d745901